00853nam a22002051 4500001001300000003000400013005001700017008004100034010001700075040003700092050001800129111007200147245005000219260006000269300008500329500006000414505013100474650002500605999001700630gs 05000198 DLC20260227111300.0900308s1888 gw ab 100 0 fre c ags 05000198  aU.S. Geol. Survey Libr./ICUcICU00aQE1b.I6 18852 aInternational Geological Congressn(3rd :d1885 :cBerlin, Germany)10aCompte rendu de la 3me session, Berlin, 1885. aBerlin,bA.W. Schade's buchdruckerei (L. Schade)c1888. axi p., 1 l., [v]-cxli p., 1 l., 546 p.billus., 2 fold. maps, fold. tab.c26 cm. aAt head of title: Congrès géologique international.0 a1. ptie. Historique du congrès.--2. ptie. Travaux du congrès.--3. ptie. Communications scientifiques.--4. ptie. Documents. 0aGeologyxCongresses. c24162d24162